00914cam a22002411 4500001001300000003000400013005001700017008004100034010001700075035002000092040005100112042001200163050001500175110004700190245004500237260002300282300003000305490008400335500009900419651002700518810011000545999001700655pa 58000060 DLC20260227111854.0870812s1958 dcua 000 0 eng c apa 58000060  a(OCoLC)16438907 aPan American Union. LibrarycOCoLCdOCoLCdDLC apremarc00aHF144b.P32 aPan American Union.bOffice of Statistics.10aForeign trade of El Salvador, 1945-1956. aWashington,c1958. av, 54 p.btables.c27 cm.1 aPan American Union. International trade of the American States. Bulletinvno. 6 aAt head of title: Organization of American States. Inter-American Economic and Social Council. 0aEl SalvadorxCommerce.2 aPan American Union.bOffice of Statistics.tInternational trade of the American States.pBulletinvno. 6. c51375d51375